Дела Департамента народного просвещения за 1884-1886 годы

RUSMARC
00003053nmc2a22002053x 450
0013ad55bcd-7443-405d-ab5b-f40782cbba4b
00520251120162824.0
100##$a20250113l18841886k l0rusy0189 ca
1010#$arus
102##$aRU
2001#$aДела Департамента народного просвещения за 1884-1886 годы
$j1884-1886 гг.
215##$a80 ед.хр.
251##$cОпись
330##$aАннотация: Пенсионный разряд (большинство дел содержит послужные списки)
371##$aДокумент не является опубликованным и широко распространяемым
461#0$1001a74412a3-3cc5-4d21-8f0a-dfe2fbd9e72d
$12001
$aДепартамент народного просвещения Министерства народного просвещения (1803-1917)
$1251
$cФонд
$1852
$j733
801#0$aRU
$bРГИА
$c20250113
$gRCR
801#1$aRU
$bГлавНИВЦ
$c20250113
$2rusmarc
801#2$aRU
$bПБ им. Б.Н. Ельцина
$c20251120
$gRCR
$2rusmarc
850##$aРГИА
852##$aРГИА
$eФедеральное казенное учреждение "Российский государственный исторический архив" (РГИА)
$j130
937##$hРГИА
$d12424161
$aASBIBLIO_SCAN
035##$aRusGRCC00087463
856##$uhttp://readingroom.main.prlib.ru/item.aspx?id_node=n199131402&mode=full
Фонд Департамент народного просвещения Министерства народного просвещения
Формат отображения